Comentarios al Cd̤igo Civil y compilaciones forales

Bibliographic Details
Other Authors: Albaladejo Garca̕, Manuel (Conductor)
Format: Unknown
Language:Spanish
Published: Madrid : Revista de Derecho Privado : Editoriales de Derecho Reunidas, D.L.1996
Edition:2® ed.
Subjects:
Online Access:Acceso restringido

MARC

LEADER 00000ny a22000003n 4500
005 20110607122253.0
008 970408s1996 sp s 000 0 spa c
017 |a D.L. M21109-82 
020 |a 8471308630 
035 |a 564 
040 |a UMA.CEE  |d vLex 
040 |a UMA.RE  |d vLex 
090 |c 2123  |d 2123 
245 0 0 |a Comentarios al Cd̤igo Civil y compilaciones forales  |h [Recurso electrn̤ico]  |c dirigidos por Manuel Albaladejo 
250 |a 2® ed. 
256 |a Servicio en ln̕ea 
260 |a Madrid :  |b Revista de Derecho Privado :  |b Editoriales de Derecho Reunidas,  |c D.L.1996 
300 |a p.  |c 21 cm 
505 0 |t Tomo IV, vol. 2, Artc̕ulos 1 a 39 de la Ley del Registro Civil 
506 1 |a Contenido solo disponible en los productos indicados  |d vLex Global  |d vLex Global (Academic Edition, excluding Law Schools)  |d vLex Global (U.S. Academic Edition, Law Schools)  |d vLex Global (U.S. Academic Edition, excluding Law Schools)  |d vLex Global (Academic Edition, Law Schools) 
650 0 7 |2 Tesauro vLex  |a Civil 
650 0 7 |2 Tesauro vLex  |a Cd̤igo civil 
650 0 7 |2 Tesauro vLex  |a Familia 
650 0 7 |2 Tesauro vLex  |a Matrimonio 
700 |a Albaladejo Garca̕, Manuel,  |e dir. 
740 0 |a vLex Libros (Servicios en ln̕ea) 
856 4 0 |z Acceso restringido  |u http://vlex.com/source/564 
942 |c BOOK